Normal view
MARC view
Entry Topical Term
001 - CONTROL NUMBER
- control field: 46254
003 - CONTROL NUMBER IDENTIFIER
- control field: dpl
005 - DATE AND TIME OF LATEST TRANSACTION
- control field: 20120503113249.0
008 - FIXED-LENGTH DATA ELEMENTS
- fixed length control field: 120503|||a|||||| | ||| d
040 ## - CATALOGING SOURCE
- Original cataloging agency: dpl
- Transcribing agency: dpl
150 ## - HEADING--TOPICAL TERM
- Topical term or geographic name as entry element: हिन्दी भाषा
- General subdivision: व्याकरण
670 ## - SOURCE DATA FOUND
- Source citation: Work cat.: (dpl): पालीवाल, नारायणदत्त 46253, प्रशासनिक हिन्दी टीप एवं पत्र-लेखन /, 1992
670 ## - SOURCE DATA FOUND
- Source citation: Work cat.: (dpl): पालीवाल, नारायणदत्त 46253, प्रशासनिक हिन्दी टीप एवं पत्र-लेखन /, 1992
